| 000 | 00700nam a2200205Ia 4500 | ||
|---|---|---|---|
| 003 | GCL | ||
| 008 | 140319s9999 xx 000 0 ara d | ||
| 040 |
_aGCL / _cGCL |
||
| 082 | 0 | 4 |
_a229.45 _bم ا |
| 100 | 1 | _aمحمود سراج الدين عفيفى | |
| 245 | 1 | 0 |
_aايات التوحيد قوانين الله وليست قوانين الطبيعة / _cمحمود سراج الدين عفيفى |
| 260 |
_a[S.N] : _bدار الفكر العربى ، _c1991 |
||
| 300 | _a336 ص | ||
| 490 | _a | ||
| 650 | 0 | 4 | _aالاخلاق الاسلامية |
| 650 | 0 | 4 | _aالاسلام والعلم |
| 650 | 0 | 4 | _aالقران والعلم |
| 650 | 0 | 4 | _aالقران والمجتمع |
| 942 |
_2ddc _cBK |
||
| 999 |
_c27919 _d27919 |
||